| 000 | 00420nam a2200157Ia 4500 | ||
|---|---|---|---|
| 008 | 160316s1994 xxu||||| |||| 00| 0 eng d | ||
| 082 |
_a344.046000 _bMIN |
||
| 100 | _a | ||
| 245 | _aThe environmental impact assessment of development projects 1994 | ||
| 250 | _a | ||
| 260 |
_aNew Delhi _bMinistry of Environment & Forest _c1994 |
||
| 300 |
_a36 _b _c |
||
| 365 | _b | ||
| 650 | _aEnvironmental impact | ||
| 700 |
_a _a |
||
| 999 |
_c40924 _d40924 |
||